Представление документа в формате MARC21

Поле Инд. ПП Название Значение
Тип записи a
Библиографический уровень m
001 Контрольный номер RU/IS/BASE/264539113
005 Дата корректировки 20250515131432.2
008 Кодируемые данные 19961016
040 00 e Правила каталог. Л 961016
084 a Индекс другой классификации/Индекс ББК 28.693.3; 28.042
090 00 a Полочн. индекс 28.693.3
x Авторский знак Г 37
097 00 a 230
100 10 a Автор Герань И.
q Полное имя Герань Иван
245 00 a Заглавие Удивительные животные
c Ответственность перевод с чешского Е. Б. Родендорф; под редакцией А. В. Яблокова
260 00 a Место издания Москва
b Издательство Мир
c Дата издания 1985
300 00 a Объем 207 с.
336 a Термин вида содержания Текст
337 a Термин типа средства непосредственный
440 00 a Серия Библиотечная серия
650 a Основная рубрика биология
a Основная рубрика зоология
653 00 a Ключевые слова естествознание
a Ключевые слова животные
a Ключевые слова жизненные формы
a Ключевые слова изменчивость
a Ключевые слова индивидуальное развитие (онтогенез)
a Ключевые слова позвоночные
a Ключевые слова эволюция
a Ключевые слова этология
700 10 a Автор Яблоков А. В.
e Роль лиц редактор
700 10 a Автор Родендорф Е. Б.
e Роль лиц переводчик
720 a Наименование подборки Животные (насекомые)
901 t Тип документа m
952 a Тип литературы для КСУ ВШ НАУ